[Event "SVK Amateur-ch 2020"]
[Site "Topolcany"]
[Date "2020.07.10"]
[Round "2.13"]
[White "Lesniak Wojciech"]
[Black "Mirowska Oliwia"]
[Result "0-1"]
[WhiteElo "1208"]
[BlackElo "1898"]
[Annotator "NA"]
[PlyCount "48"]
[EventDate "2020.07.10"]
[EventType "swiss"]
[EventCountry "SVK"]
[SourceTitle "playchess.com"]
[Source "ChessBase"]
[SourceQuality "1"]
[TimeControl "3600+30"]

{[%evp 8,44,43,32767,32767,50,54,32767,32767,32767,32767,32767,32767,32767,113,92,133,128,125,80,126,32767,91,85,97,97,32767,124,230,42,32767,32767,-106,-454,-519,-631,-733,-724,-521]} 1. d4 {[%emt 0:00:00]} Nf6 {[%emt 0:00:00]} 2. c4 {[%emt 0:00:00]} c6 {[%emt 0:00:00]} 3. Nc3 {[%emt 0:00:04]} d5 {[%emt 0:00:00]} 4. Nf3 {[%emt 0:00:21]} Nbd7 {[%emt 0:00:11]} 5. Bg5 {[%emt 0:01:54]} g6 {[%emt 0:00:15]} 6. e3 {[%emt 0:02:20]} Bg7 {[%emt 0:00:11]} 7. cxd5 {[%emt 0:00:42] D91: Grünfeld: 4 Nf3 Bg7 5 Bg5.} cxd5 {[%emt 0:00:54]} 8. Bd3 {[%emt 0:01:41]} O-O {[%emt 0:00:46]} 9. O-O {[%emt 0:00:22]} a6 {[%emt 0:00:46]} 10. Qb3 {[%emt 0:05:15] [#]} Nb6 $146 {[%emt 0:02:28]} ({Predecessor:} 10... e6 11. e4 dxe4 12. Nxe4 h6 13. Bh4 g5 14. Bg3 Nd5 15. Nd6 Nf4 16. Bxf4 gxf4 {1-0 (38) Lomineishvili,M (2342)-Arakhamia Grant,K (2347) Tbilisi 2018}) 11. a4 {[%emt 0:03:02]} e6 {[%emt 0:17:45]} 12. a5 {[%emt 0:03:03]} Nbd7 {[%emt 0:00:04]} 13. Rfe1 {[%emt 0:08:54]} Re8 {[%emt 0:01:50]} 14. e4 {[%emt 0:06:45]} dxe4 {[%emt 0:01:38]} 15. Nxe4 {[%emt 0:04:45]} h6 {[%emt 0:01:03]} 16. Nd6 {[%emt 0:14:52]} hxg5 {[%emt 0:00:54] [#]} 17. Nxg5 {[%emt 0:00:14]} (17. Bxg6 $1 $18 {[%mdl 512] and the rest is easy.} Nf8 (17... fxg6 18. Rxe6) 18. Bxf7+ {[%mdl 64] Double Attack} Kh8 19. Nxe8 Nxe8 20. d5) 17... Re7 {[%emt 0:09:03]} (17... Nf8 $16 18. Ngxf7 Qd7) 18. Bxg6 $2 {[%emt 0:02:35]} (18. Ngxf7 $18 Rxf7 19. Nxf7) 18... Nf8 $2 {[%emt 0:04:10]} (18... fxg6 $14 19. Rxe6 {[#]} Nc5 $1 {[%mdl 512]} 20. dxc5 Rxe6) 19. Ngxf7 {[%emt 0:06:45]} Qd7 {[%emt 0:01:31]} 20. Rac1 $2 {[%emt 0:01:23]} (20. Nxc8 $17 {was the crucial defense.} Rxc8 21. Ne5 Qxd4 22. Rad1) 20... Nxg6 {[%emt 0:00:53]} 21. Rxc8+ {[%emt 0:04:35]} Rxc8 {[%emt 0:00:25]} 22. Nxc8 {[%emt 0:00:20]} Qxc8 $19 {[%emt 0:00:14]} 23. Ng5 {[%emt 0:00:17]} Nf4 {[%emt 0:00:48]} 24. Qg3 {[%emt 0:01:18]} Ne2+ {[%emt 0:00:14]} 0-1

[Event "SVK Amateur-ch 2020"]
[Site "Topolcany"]
[Date "2020.07.10"]
[Round "2.14"]
[White "Bodnar Zoltan"]
[Black "Sokol, Eduard"]
[Result "1-0"]
[WhiteElo "2150"]
[BlackElo "1576"]
[Annotator "ChessBase"]
[PlyCount "88"]
[EventDate "2020.07.10"]
[EventType "swiss"]
[EventCountry "SVK"]
[SourceTitle "playchess.com"]
[Source "ChessBase"]
[SourceQuality "1"]
[TimeControl "3600+30"]

1. d4 {[%emt 0:00:00]} Nf6 {[%emt 0:00:00]} 2. c4 {[%emt 0:00:00]} g6 {[%emt 0:00:00]} 3. Nc3 {[%emt 0:00:00]} d6 {[%emt 0:00:07]} 4. e4 {[%emt 0:00:00]} Bg7 {[%emt 0:00:06]} 5. h3 {[%emt 0:00:01]} O-O {[%emt 0:00:33]} 6. Bg5 {[%emt 0:00:05]} Nbd7 {[%emt 0:00:27]} 7. Nf3 {[%emt 0:00:15]} e5 {[%emt 0:00:26]} 8. d5 {[%emt 0:01:14]} b6 {[%emt 0:06:38]} 9. Bd3 {[%emt 0:00:53]} Nc5 {[%emt 0:01:15]} 10. Bc2 {[%emt 0:00:17]} a5 {[%emt 0:02:15]} 11. a3 {[%emt 0:00:11]} Bb7 {[%emt 0:05:11]} 12. Nd2 {[%emt 0:04:26]} h6 {[%emt 0:04:46]} 13. Be3 {[%emt 0:00:47]} Ncd7 {[%emt 0:11:41]} 14. g4 {[%emt 0:01:18]} Nh7 {[%emt 0:00:54]} 15. h4 {[%emt 0:00:48]} Re8 {[%emt 0:04:32]} 16. Nf1 {[%emt 0:05:26]} Qe7 {[%emt 0:04:56]} 17. Ba4 {[%emt 0:02:17]} Red8 {[%emt 0:05:25]} 18. b4 {[%emt 0:02:18]} Ba6 {[%emt 0:01:04]} 19. Bb3 {[%emt 0:04:16]} Qf8 {[%emt 0:00:32]} 20. Ng3 {[%emt 0:00:38]} Bc8 {[%emt 0:01:52]} 21. Nb5 {[%emt 0:01:00]} axb4 {[%emt 0:02:47]} 22. axb4 {[%emt 0:00:18]} Rxa1 {[%emt 0:00:18]} 23. Qxa1 {[%emt 0:00:02]} Ndf6 {[%emt 0:01:42]} 24. f3 {[%emt 0:08:15]} Qe7 {[%emt 0:03:47]} 25. Qc1 {[%emt 0:00:14]} h5 {[%emt 0:02:51]} 26. g5 {[%emt 0:03:34]} Ne8 {[%emt 0:00:17]} 27. c5 {[%emt 0:02:56]} bxc5 {[%emt 0:04:05]} 28. bxc5 {[%emt 0:00:24]} Bd7 {[%emt 0:00:46]} 29. c6 {[%emt 0:01:53]} Bc8 {[%emt 0:00:09]} 30. Bc4 {[%emt 0:02:45]} Ba6 {[%emt 0:00:46]} 31. Nxd6 {[%emt 0:01:24]} Bxc4 {[%emt 0:03:00]} 32. Nxc4 {[%emt 0:00:25]} Qb4+ {[%emt 0:00:12]} 33. Bd2 {[%emt 0:00:22]} Qb3 {[%emt 0:00:23]} 34. O-O {[%emt 0:00:44]} f6 {[%emt 0:01:12]} 35. Ne2 {[%emt 0:10:38]} Bf8 {[%emt 0:00:10]} 36. gxf6 {[%emt 0:01:37]} Nhxf6 {[%emt 0:00:14]} 37. Qc3 {[%emt 0:00:39]} Rb8 {[%emt 0:00:56]} 38. Qxb3 {[%emt 0:00:22]} Rxb3 {[%emt 0:00:02]} 39. Nxe5 {[%emt 0:01:41]} Bc5+ {[%emt 0:00:45]} 40. Kg2 {[%emt 0:00:17]} Kg7 {[%emt 0:00:02]} 41. Nd7 {[%emt 0:00:50]} Be7 {[%emt 0:00:43]} 42. Bc3 {[%emt 0:00:38]} Kh7 {[%emt 0:01:10]} 43. d6 {[%emt 0:04:46]} cxd6 {[%emt 0:01:59]} 44. Nxf6+ {[%emt 0:00:49]} Nxf6 {[%emt 0:00:28]} 1-0

[Event "SVK Amateur-ch 2020"]
[Site "Topolcany"]
[Date "2020.07.10"]
[Round "2.14"]
[White "Chlpek, Daniel"]
[Black "Gromovs, Sergejs"]
[Result "0-1"]
[WhiteElo "1969"]
[BlackElo "2131"]
[Annotator "ChessBase"]
[PlyCount "92"]
[EventDate "2020.07.10"]
[EventType "swiss"]
[EventCountry "SVK"]
[SourceTitle "playchess.com"]
[Source "ChessBase"]
[SourceQuality "1"]
[TimeControl "3600+30"]

1. c4 {[%emt 0:00:00]} c6 {[%emt 0:00:00]} 2. d4 {[%emt 0:00:00]} d6 {[%emt 0:00:00]} 3. e4 {[%emt 0:00:17]} Nd7 {[%emt 0:00:00]} 4. Nc3 {[%emt 0:00:06]} h6 {[%emt 0:00:00]} 5. Be3 {[%emt 0:00:09]} g5 {[%emt 0:00:03]} 6. g3 {[%emt 0:00:55]} Bg7 {[%emt 0:00:11]} 7. Nge2 {[%emt 0:00:34]} Nf8 {[%emt 0:00:15]} 8. Bg2 {[%emt 0:00:11]} Qa5 {[%emt 0:00:16]} 9. O-O {[%emt 0:00:15]} h5 {[%emt 0:00:53]} 10. d5 {[%emt 0:05:04]} cxd5 {[%emt 0:03:36]} 11. Nxd5 {[%emt 0:01:24]} Ne6 {[%emt 0:01:13]} 12. Nd4 {[%emt 0:02:14]} h4 {[%emt 0:00:47]} 13. b4 {[%emt 0:02:10]} Qd8 {[%emt 0:00:14]} 14. b5 {[%emt 0:01:20]} Nxd4 {[%emt 0:11:29]} 15. Bxd4 {[%emt 0:00:05]} Bxd4 {[%emt 0:01:21]} 16. Qxd4 {[%emt 0:00:04]} e5 {[%emt 0:00:11]} 17. Qd2 {[%emt 0:00:46]} Be6 {[%emt 0:00:28]} 18. Rfd1 {[%emt 0:03:46]} hxg3 {[%emt 0:00:30]} 19. fxg3 {[%emt 0:05:31]} f6 {[%emt 0:01:06]} 20. Qf2 {[%emt 0:03:52]} Kf7 {[%emt 0:02:14]} 21. Rac1 {[%emt 0:03:31]} b6 {[%emt 0:02:02]} 22. a4 {[%emt 0:01:52]} Nh6 {[%emt 0:01:32]} 23. Rf1 {[%emt 0:05:44]} Ng4 {[%emt 0:05:04]} 24. Qf3 {[%emt 0:00:35]} Rxh2 {[%emt 0:02:42]} 25. Nxf6 {[%emt 0:03:16]} Rxg2+ {[%emt 0:00:46]} 26. Kxg2 {[%emt 0:00:06]} Nxf6 {[%emt 0:00:15]} 27. Qh5+ {[%emt 0:00:09]} Ke7 {[%emt 0:00:46]} 28. Qxg5 {[%emt 0:00:18]} Qh8 {[%emt 0:01:47]} 29. Rh1 {[%emt 0:02:14]} Rg8 {[%emt 0:02:45]} 30. Rxh8 {[%emt 0:01:07]} Rxg5 {[%emt 0:00:53]} 31. Ra8 {[%emt 0:01:22]} Nxe4 {[%emt 0:00:56]} 32. Rxa7+ {[%emt 0:00:09]} Bd7 {[%emt 0:00:53]} 33. Kf3 {[%emt 0:02:45]} Nc5 {[%emt 0:01:04]} 34. Rh1 {[%emt 0:03:59]} e4+ {[%emt 0:00:14]} 35. Kg2 {[%emt 0:01:39]} Kf6 {[%emt 0:00:06]} 36. Rd1 {[%emt 0:04:19]} Ke6 {[%emt 0:00:06]} 37. a5 {[%emt 0:01:42]} bxa5 {[%emt 0:00:42]} 38. Rxa5 {[%emt 0:00:27]} Rg8 {[%emt 0:02:09]} 39. Ra2 {[%emt 0:02:15]} Nd3 {[%emt 0:03:39]} 40. Ra6 {[%emt 0:03:00]} Rc8 {[%emt 0:01:16]} 41. b6 {[%emt 0:02:33]} Rxc4 {[%emt 0:03:38]} 42. b7 {[%emt 0:02:35]} Rc2+ {[%emt 0:01:02]} 43. Kf1 {[%emt 0:02:03]} Rb2 {[%emt 0:00:22]} 44. Ra7 {[%emt 0:00:52]} Bc6 {[%emt 0:00:41]} 45. Rd2 {[%emt 0:03:41]} Rb1+ {[%emt 0:00:05]} 46. Kg2 {[%emt 0:00:14]} e3+ {[%emt 0:00:09]} 0-1

[Event "SVK Amateur-ch 2020"]
[Site "Topolcany"]
[Date "2020.07.10"]
[Round "2.15"]
[White "Strachan, Jan"]
[Black "Kolesar, Peter"]
[Result "1/2-1/2"]
[WhiteElo "2130"]
[BlackElo "2002"]
[Annotator "TA"]
[PlyCount "124"]
[EventDate "2020.07.10"]
[EventType "swiss"]
[EventCountry "SVK"]
[SourceTitle "playchess.com"]
[Source "ChessBase"]
[SourceQuality "1"]

{[%evp 9,124,16,13,16,18,16,24,27,31,6,0,-13,0,-20,-1,-25,50,0,9,1,-13,-14,-21,-20,-21,-16,-13,-29,-10,-23,-14,-29,-19,-51,6,0,0,-7,18,-75,0,-35,-39,-83,0,0,0,0,0,-60,0,0,0,-13,2,0,0,0,0,-20,-20,-20,-20,-101,-92,-240,0,0,0,0,2,2,2,2,2,2,2,2,2,2,2,2,2,0,2,2,2,2,2,2,2,2,2,2,2,2,2,2,2,2,2,2,2,2,2,2,2,2,2,2,2,2,2,2,2,0,2]} 1. e4 c5 2. Nf3 d6 3. Bb5+ Bd7 4. a4 Nc6 5. O-O g6 6. Re1 {B52: Sicilian: Moscow Variation with 3...Bd7.} Bg7 7. c3 Nf6 8. h3 {White has an edge.} O-O 9. Bf1 e5 10. d3 Qc7 11. Nbd2 {[#]} b6 $146 ({Predecessor:} 11... h6 12. Qc2 Rac8 13. Nc4 d5 14. Na3 a6 15. Be3 b6 16. Rad1 Rfe8 17. g3 Qb7 {0-1 (43) Savic,M (1858)-Alexiadis,H (2044) Batumi 2014}) 12. Nc4 a6 (12... d5 $11 13. exd5 Nxd5) 13. Bg5 h6 14. Bxf6 Bxf6 15. g3 b5 16. Ne3 Ne7 17. axb5 axb5 18. Qb3 Ra5 19. Rec1 Rfa8 20. Qd1 Be6 21. b4 Ra2 (21... cxb4 $15 22. cxb4 Rxa1 23. Rxa1 Qb7) 22. Rab1 Qd7 23. h4 cxb4 24. cxb4 (24. Rxb4 $11 R2a4 25. d4 Rxb4 26. cxb4) 24... d5 (24... Nc6 $17) 25. Rc5 d4 26. Nc2 {[#]} Bg4 (26... Rc8 $1 $17) 27. Be2 $1 $11 Bxf3 28. Bxf3 h5 29. Na1 (29. Qc1 $11) 29... R2a7 ({Black should try} 29... Nc8 $15) 30. Nb3 Rc8 31. Rbc1 Rac7 32. Ra1 Rxc5 33. Nxc5 Qe8 34. Ra6 Nc6 35. Qb3 Be7 36. Nb7 {[#]} (36. Kg2 $11 {remains equal.}) 36... Kg7 $1 $17 ({But not} 36... Nxb4 $6 37. Rxg6+ Kh7 38. Rd6 $15) 37. Rb6 (37. Nc5 $17) 37... Nd8 $2 ({Weaker is} 37... Bxb4 38. Rxb5 Qe7 39. Kg2 $11) ({Black should play} 37... Nxb4 $19 {Threatens to win with ...Qd7.} 38. Nd6 Bxd6 39. Rxd6 Qf8 40. Qxb4 Rd8 41. Rxd4 Rxd4 42. Qxb5 Qd6) 38. Nxd8 $11 {The position is equal.} Bxd8 39. Rb7 Rc7 40. Rxc7 Bxc7 41. Qd5 Qe7 42. Qxb5 Bd6 43. Bd1 Bxb4 44. Bb3 Bc3 45. Qd5 Qf6 {next ...Be1 is good for Black.} 46. Kg2 Bd2 (46... Be1 {with more complications.} 47. f3 Qe7 48. Bc4 Bc3 49. Bb3 Bd2) 47. Bd1 Be1 48. Qa2 Bc3 49. Bb3 Bb4 50. Bc4 Be7 51. Qd2 Bd6 52. Qe2 Bb4 53. Qf1 Bd6 54. Qb1 Be7 55. Qb7 Bd8 56. Qd7 {Threatening Bxf7!} Bb6 (56... Be7 {looks sharper.} 57. Qc8 Bd8 58. Qb7 Ba5 59. Bd5 Be1) 57. Qe8 Bc7 58. Bd5 Bd6 59. Qc6 Be7 60. Qa8 Bd6 61. Qe8 Qe7 62. Qa8 Qf6 {Accuracy: White = 78%, Black = 86%.} 1/2-1/2

[Event "SVK Amateur-ch 2020"]
[Site "Topolcany"]
[Date "2020.07.10"]
[Round "2.15"]
[White "Pniaczek Marek"]
[Black "Bebjak Tomas"]
[Result "1-0"]
[WhiteElo "2102"]
[BlackElo "1562"]
[Annotator "RC"]
[PlyCount "55"]
[EventDate "2020.07.10"]
[EventType "swiss"]
[EventCountry "SVK"]
[SourceTitle "playchess.com"]
[Source "ChessBase"]
[SourceQuality "1"]
[TimeControl "3600+30"]

1. e4 {[%emt 0:00:00]} e5 {[%emt 0:08:33]} 2. Nf3 {[%emt 0:00:00]} Nc6 {[%emt 0:01:26]} 3. Bb5 {[%emt 0:00:00]} Nf6 {[%emt 0:02:04]} 4. O-O {[%emt 0:01:41]} Bd6 {[%emt 0:02:43]} 5. d4 {[%emt 0:02:42]} exd4 {[%emt 0:08:42]} 6. Bxc6 {[%emt 0:00:14]} dxc6 {[%emt 0:00:25]} 7. e5 {[%emt 0:00:02]} O-O {[%emt 0:00:16]} 8. exd6 {[%emt 0:00:15]} cxd6 {[%emt 0:00:08]} 9. Qxd4 {[%emt 0:00:11]} h6 {[%emt 0:00:11]} 10. Bf4 {[%emt 0:00:23]} d5 {[%emt 0:01:15]} 11. Nc3 {[%emt 0:00:08]} Be6 {[%emt 0:00:21]} 12. Rfe1 {[%emt 0:00:30]} Nd7 {[%emt 0:02:43]} 13. Ne5 {[%emt 0:01:57]} c5 {[%emt 0:00:56]} 14. Qd2 {[%emt 0:00:24]} Nf6 {[%emt 0:01:23]} 15. Rad1 {[%emt 0:00:36]} a6 {[%emt 0:00:51]} 16. f3 {[%emt 0:06:03]} b5 {[%emt 0:00:23]} 17. b3 {[%emt 0:00:58]} Qb6 {[%emt 0:04:53]} 18. Ne2 {[%emt 0:01:38]} Rad8 {[%emt 0:00:36]} 19. c3 {[%emt 0:01:01]} c4+ {[%emt 0:02:06]} 20. Qd4 {[%emt 0:00:48]} Qb7 {[%emt 0:01:16]} 21. Bg3 {[%emt 0:00:35]} cxb3 {[%emt 0:01:12]} 22. axb3 {[%emt 0:00:29]} Rc8 {[%emt 0:04:59]} 23. Bf4 {[%emt 0:00:57]} Bf5 {[%emt 0:03:48]} 24. Nd3 {[%emt 0:01:22]} a5 {[%emt 0:02:44]} 25. Nc5 {[%emt 0:00:54]} Qa8 {[%emt 0:00:30]} 26. Ng3 {[%emt 0:00:30]} Ne4 {[%emt 0:00:30]} 27. Ngxe4 {[%emt 0:00:00]} dxe4 {[%emt 0:00:00]} 28. fxe4 {[%emt 0:00:05]} 1-0

[Event "SVK Amateur-ch 2020"]
[Site "Topolcany"]
[Date "2020.07.10"]
[Round "2.16"]
[White "Kaniansky Miroslav"]
[Black "Dubnicka, Ferdinand"]
[Result "1-0"]
[WhiteElo "2100"]
[BlackElo "1557"]
[Annotator "RC"]
[PlyCount "61"]
[EventDate "2020.07.10"]
[EventType "swiss"]
[EventCountry "SVK"]
[SourceTitle "playchess.com"]
[Source "ChessBase"]
[SourceQuality "1"]
[TimeControl "3600+30"]

1. d4 {[%emt 0:00:00]} Nf6 {[%emt 0:00:00]} 2. Nf3 {[%emt 0:00:00]} d5 {[%emt 0:00:00]} 3. c4 {[%emt 0:00:04]} e6 {[%emt 0:00:45]} 4. Nc3 {[%emt 0:00:06]} Bb4 {[%emt 0:00:14]} 5. Bg5 {[%emt 0:00:06]} O-O {[%emt 0:00:33]} 6. e3 {[%emt 0:01:24]} a6 {[%emt 0:01:22]} 7. Qb3 {[%emt 0:01:22]} Ba5 {[%emt 0:06:41]} 8. Bd3 {[%emt 0:04:03]} c6 {[%emt 0:01:01]} 9. O-O {[%emt 0:00:09]} Nbd7 {[%emt 0:00:06]} 10. e4 {[%emt 0:05:17]} Qb6 {[%emt 0:00:48]} 11. e5 {[%emt 0:04:10]} Qxb3 {[%emt 0:01:15]} 12. axb3 {[%emt 0:00:02]} Bxc3 {[%emt 0:00:12]} 13. bxc3 {[%emt 0:01:29]} Ne4 {[%emt 0:00:57]} 14. Bxe4 {[%emt 0:00:10]} dxe4 {[%emt 0:00:27]} 15. Nd2 {[%emt 0:00:30]} f5 {[%emt 0:00:30]} 16. exf6 {[%emt 0:00:09]} gxf6 {[%emt 0:00:14]} 17. Bh6 {[%emt 0:00:09]} f5 {[%emt 0:00:09]} 18. Bxf8 {[%emt 0:00:06]} Kxf8 {[%emt 0:00:19]} 19. Rae1 {[%emt 0:01:07]} Nf6 {[%emt 0:00:10]} 20. f3 {[%emt 0:00:12]} exf3 {[%emt 0:00:35]} 21. Rxf3 {[%emt 0:02:02]} h5 {[%emt 0:00:54]} 22. c5 {[%emt 0:01:19]} Kf7 {[%emt 0:00:47]} 23. Nc4 {[%emt 0:00:28]} Ne8 {[%emt 0:02:50]} 24. Ne5+ {[%emt 0:03:33]} Kg7 {[%emt 0:02:27]} 25. Rg3+ {[%emt 0:01:02]} Kh7 {[%emt 0:00:09]} 26. Rg5 {[%emt 0:03:16]} Ng7 {[%emt 0:00:20]} 27. Re3 {[%emt 0:00:18]} b5 {[%emt 0:00:33]} 28. cxb6 {[%emt 0:01:06]} Bb7 {[%emt 0:00:09]} 29. Reg3 {[%emt 0:00:38]} Rg8 {[%emt 0:00:30]} 30. Nd7 {[%emt 0:00:17]} h4 {[%emt 0:00:42]} 31. Nf6+ {[%emt 0:00:09]} 1-0

[Event "SVK Amateur-ch 2020"]
[Site "Topolcany"]
[Date "2020.07.10"]
[Round "2.16"]
[White "Meszarosova, Eva"]
[Black "Kalisky, Vladimir"]
[Result "0-1"]
[WhiteElo "1976"]
[BlackElo "2136"]
[Annotator "ChessBase"]
[PlyCount "86"]
[EventDate "2020.07.10"]
[EventType "swiss"]
[EventCountry "SVK"]
[SourceTitle "playchess.com"]
[Source "ChessBase"]
[SourceQuality "1"]
[TimeControl "3600+30"]

1. e4 {[%emt 0:00:00]} c5 {[%emt 0:00:00]} 2. Nf3 {[%emt 0:00:00]} Nc6 {[%emt 0:00:00]} 3. d4 {[%emt 0:00:00]} cxd4 {[%emt 0:00:00]} 4. Nxd4 {[%emt 0:00:09]} Nf6 {[%emt 0:00:01]} 5. Nc3 {[%emt 0:00:13]} g6 {[%emt 0:00:21]} 6. Nxc6 {[%emt 0:00:31]} bxc6 {[%emt 0:00:19]} 7. e5 {[%emt 0:00:12]} Ng8 {[%emt 0:01:24]} 8. Bc4 {[%emt 0:00:53]} Bg7 {[%emt 0:01:42]} 9. Bf4 {[%emt 0:05:05]} f6 {[%emt 0:05:45]} 10. Qf3 {[%emt 0:06:48]} Qa5 {[%emt 0:04:40]} 11. O-O-O {[%emt 0:03:44]} fxe5 {[%emt 0:02:30]} 12. Bd2 {[%emt 0:10:30]} Nf6 {[%emt 0:03:15]} 13. Rhe1 {[%emt 0:08:01]} Qc7 {[%emt 0:04:51]} 14. Bg5 {[%emt 0:03:13]} Rb8 {[%emt 0:09:13]} 15. Ne4 {[%emt 0:07:36]} Rf8 {[%emt 0:00:56]} 16. Nxf6+ {[%emt 0:01:18]} Bxf6 {[%emt 0:02:38]} 17. Bxf6 {[%emt 0:00:06]} exf6 {[%emt 0:01:26]} 18. Bb3 {[%emt 0:01:30]} d5 {[%emt 0:02:21]} 19. Qc3 {[%emt 0:03:52]} Rb7 {[%emt 0:06:00]} 20. h4 {[%emt 0:03:19]} Bd7 {[%emt 0:01:59]} 21. h5 {[%emt 0:01:36]} Kd8 {[%emt 0:01:09]} 22. hxg6 {[%emt 0:00:21]} hxg6 {[%emt 0:00:02]} 23. Rh1 {[%emt 0:00:31]} Qb6 {[%emt 0:03:23]} 24. f3 {[%emt 0:04:47]} Qb4 {[%emt 0:06:26]} 25. Qd3 {[%emt 0:01:19]} Bf5 {[%emt 0:02:02]} 26. Qa6 {[%emt 0:00:10]} Qb6 {[%emt 0:00:33]} 27. Qa3 {[%emt 0:00:41]} Qb4 {[%emt 0:03:34]} 28. Qa6 {[%emt 0:00:15]} Kc7 {[%emt 0:03:18]} 29. Rh7+ {[%emt 0:01:50]} Kb8 {[%emt 0:00:02]} 30. Rxb7+ {[%emt 0:00:47]} Qxb7 {[%emt 0:00:02]} 31. Qa3 {[%emt 0:00:15]} Rd8 {[%emt 0:00:02]} 32. Qc5 {[%emt 0:00:26]} Qd7 {[%emt 0:02:17]} 33. g4 {[%emt 0:00:48]} Be6 {[%emt 0:00:06]} 34. Ba4 {[%emt 0:00:21]} Qd6 {[%emt 0:00:44]} 35. Qa5 {[%emt 0:01:00]} d4 {[%emt 0:00:21]} 36. Rd3 {[%emt 0:01:36]} c5 {[%emt 0:00:41]} 37. Ra3 {[%emt 0:00:40]} Qb6 {[%emt 0:00:35]} 38. Qe1 {[%emt 0:02:31]} Bd5 {[%emt 0:00:17]} 39. Qh4 {[%emt 0:01:00]} c4 {[%emt 0:00:23]} 40. Qg3 {[%emt 0:00:47]} g5 {[%emt 0:00:10]} 41. Qf2 {[%emt 0:00:20]} Rh8 {[%emt 0:01:24]} 42. Qg2 {[%emt 0:00:51]} Qb4 {[%emt 0:00:24]} 43. Bd7 {[%emt 0:00:23]} Qe1# {[%emt 0:00:09]} 0-1

[Event "SVK Amateur-ch 2020"]
[Site "Topolcany"]
[Date "2020.07.10"]
[Round "2.17"]
[White "Wisniewski, Michal"]
[Black "Juan Mas, Santiago"]
[Result "1-0"]
[WhiteElo "2127"]
[BlackElo "1983"]
[Annotator "ChessBase"]
[PlyCount "81"]
[EventDate "2020.07.10"]
[EventType "swiss"]
[EventCountry "SVK"]
[SourceTitle "playchess.com"]
[Source "ChessBase"]
[SourceQuality "1"]
[TimeControl "3600+30"]

1. Nf3 {[%emt 0:00:00]} d5 {[%emt 0:00:07]} 2. c4 {[%emt 0:00:00]} c6 {[%emt 0:01:16]} 3. g3 {[%emt 0:00:00]} Nf6 {[%emt 0:01:50]} 4. Bg2 {[%emt 0:00:03]} Bf5 {[%emt 0:02:20]} 5. cxd5 {[%emt 0:00:07]} cxd5 {[%emt 0:00:07]} 6. Qb3 {[%emt 0:00:03]} Qb6 {[%emt 0:01:41]} 7. Qxb6 {[%emt 0:00:09]} axb6 {[%emt 0:00:05]} 8. Nc3 {[%emt 0:00:04]} Nc6 {[%emt 0:01:20]} 9. O-O {[%emt 0:00:18]} e6 {[%emt 0:03:23]} 10. d3 {[%emt 0:00:19]} Be7 {[%emt 0:04:04]} 11. Bf4 {[%emt 0:00:45]} O-O {[%emt 0:03:33]} 12. a3 {[%emt 0:05:36]} Nd7 {[%emt 0:02:26]} 13. e4 {[%emt 0:03:52]} dxe4 {[%emt 0:00:58]} 14. dxe4 {[%emt 0:00:04]} Bg4 {[%emt 0:00:45]} 15. Rad1 {[%emt 0:01:35]} Nc5 {[%emt 0:07:43]} 16. Bd6 {[%emt 0:04:57]} e5 {[%emt 0:25:54]} 17. Bxe7 {[%emt 0:13:56]} Nxe7 {[%emt 0:00:03]} 18. Rd6 {[%emt 0:00:08]} Bxf3 {[%emt 0:01:00]} 19. Bxf3 {[%emt 0:00:39]} Nc6 {[%emt 0:01:21]} 20. Nd5 {[%emt 0:00:31]} Rfd8 {[%emt 0:02:43]} 21. Rxd8+ {[%emt 0:00:27]} Rxd8 {[%emt 0:00:03]} 22. b4 {[%emt 0:03:47]} Ne6 {[%emt 0:01:16]} 23. Bg4 {[%emt 0:07:02]} Ra8 {[%emt 0:01:25]} 24. Bxe6 {[%emt 0:01:15]} fxe6 {[%emt 0:00:02]} 25. Nxb6 {[%emt 0:00:06]} Rxa3 {[%emt 0:00:34]} 26. b5 {[%emt 0:00:08]} Nd4 {[%emt 0:01:05]} 27. Nc4 {[%emt 0:00:14]} Nf3+ {[%emt 0:01:23]} 28. Kg2 {[%emt 0:00:12]} Rc3 {[%emt 0:00:33]} 29. Rd1 {[%emt 0:04:22]} Nh4+ {[%emt 0:01:15]} 30. gxh4 {[%emt 0:00:07]} Rxc4 {[%emt 0:00:11]} 31. Rd8+ {[%emt 0:00:03]} Kf7 {[%emt 0:00:14]} 32. Rd7+ {[%emt 0:00:03]} Kf6 {[%emt 0:01:24]} 33. f3 {[%emt 0:00:03]} h5 {[%emt 0:02:30]} 34. Rxb7 {[%emt 0:00:05]} Rc2+ {[%emt 0:00:12]} 35. Kg3 {[%emt 0:04:25]} Rb2 {[%emt 0:00:07]} 36. b6 {[%emt 0:00:13]} g5 {[%emt 0:02:01]} 37. hxg5+ {[%emt 0:00:32]} Kxg5 {[%emt 0:00:03]} 38. Rb8 {[%emt 0:00:26]} Kg6 {[%emt 0:00:32]} 39. b7 {[%emt 0:00:11]} Kg7 {[%emt 0:00:36]} 40. h3 {[%emt 0:00:05]} Kf7 {[%emt 0:00:51]} 41. Rh8 {[%emt 0:00:09]} 1-0

[Event "SVK Amateur-ch 2020"]
[Site "Topolcany"]
[Date "2020.07.10"]
[Round "2.17"]
[White "Sabela, Pavol"]
[Black "Lecky, Juraj"]
[Result "0-1"]
[WhiteElo "1582"]
[BlackElo "2083"]
[Annotator "ChessBase"]
[PlyCount "54"]
[EventDate "2020.07.10"]
[EventType "swiss"]
[EventCountry "SVK"]
[SourceTitle "playchess.com"]
[Source "ChessBase"]
[SourceQuality "1"]
[TimeControl "3600+30"]

1. d4 {[%emt 0:00:00]} Nf6 {[%emt 0:00:00]} 2. Nd2 {[%emt 0:00:00]} c5 {[%emt 0:00:00]} 3. c3 {[%emt 0:00:25]} d6 {[%emt 0:01:05]} 4. Ngf3 {[%emt 0:00:28]} g6 {[%emt 0:00:20]} 5. e3 {[%emt 0:00:31]} Bg7 {[%emt 0:00:07]} 6. Bc4 {[%emt 0:01:22]} O-O {[%emt 0:00:11]} 7. d5 {[%emt 0:03:07]} e6 {[%emt 0:02:06]} 8. e4 {[%emt 0:00:17]} exd5 {[%emt 0:00:25]} 9. exd5 {[%emt 0:01:05]} Re8+ {[%emt 0:00:17]} 10. Kf1 {[%emt 0:00:23]} Nbd7 {[%emt 0:01:12]} 11. b4 {[%emt 0:00:28]} cxb4 {[%emt 0:00:51]} 12. Bb2 {[%emt 0:00:48]} bxc3 {[%emt 0:03:50]} 13. Bxc3 {[%emt 0:00:27]} Nb6 {[%emt 0:00:27]} 14. Bxf6 {[%emt 0:01:38]} Qxf6 {[%emt 0:00:04]} 15. Rc1 {[%emt 0:00:28]} Bd7 {[%emt 0:02:09]} 16. h4 {[%emt 0:00:59]} Nxc4 {[%emt 0:03:06]} 17. Nxc4 {[%emt 0:00:23]} Bb5 {[%emt 0:00:52]} 18. g3 {[%emt 0:00:27]} Bh6 {[%emt 0:01:49]} 19. Ng5 {[%emt 0:00:47]} Rac8 {[%emt 0:00:51]} 20. Qb3 {[%emt 0:02:02]} Bxg5 {[%emt 0:00:34]} 21. hxg5 {[%emt 0:00:19]} Qxg5 {[%emt 0:00:12]} 22. Kg2 {[%emt 0:00:09]} Qxd5+ {[%emt 0:00:07]} 23. Kh2 {[%emt 0:06:34]} Bxc4 {[%emt 0:00:15]} 24. Qb2 {[%emt 0:01:27]} Qf5 {[%emt 0:03:55]} 25. Rhe1 {[%emt 0:02:33]} Qh5+ {[%emt 0:01:08]} 26. Kg1 {[%emt 0:04:45]} Bd5 {[%emt 0:00:09]} 27. Rxe8+ {[%emt 0:00:30]} Rxe8 {[%emt 0:00:06]} 0-1